000 01727cam a2200301 4500
001 ##L133816
008 060612n2006 000 0 eng u
020 _a9780117539686
035 _a(Sirsi) u133816
041 0 _aeng
050 0 4 _a711.1 $2 18
110 1 _aUnited Kingdom
_bDepartment for Communities and Local Government
_94939
245 0 0 _aCrown application of the planning acts
_h[electronic resource]
260 _aLondon
_bDCLG
_c2006
490 0 _aDCLG Circular
_v02/2006
520 _aProvides guidance to local planning authorities in England on the changes to the planning system caused by the implementation of the Planning and Compulsory Purchase Act 2004 Part VII Chapter 1 and the associated subordinate legislation. This will apply the planning acts to the Crown which will in general have to apply for planning permission for development in a similar way to others from 7 June 2006. There are some special arrangements mainly concerned with national security and defence, urgency and enforcement together with new permitted development rights and use classes.
590 _aIKA200606 NTK
650 2 4 _aPLANNING AND COMPULSORY PURCHASE ACT 2004 PART VII
650 2 4 _aTOWN AND COUNTRY PLANNING ACT 1990
650 2 4 _aPLANNING AND COMPULSORY PURCHASE ACT 2004
650 2 4 _aPLANNING (HAZARDOUS SUBSTANCES) ACT 1990
650 2 4 _aDCLG CIRCULAR 02/2006
650 2 4 _aPLANNING (LISTED BUILDINGS AND CONSERVATION AREAS) ACT 1990
651 4 _aEngland
_y886-
690 _aENVIRONMENTAL AND LAND CONSULTANCY-PLANNING AND DEVELOPMENT-PLANNING REFORM
856 4 0 _uhttps://www.communities.gov.uk/index.asp?id=1500477
_zView the Circular free of charge at www.communities.gov.uk...
942 _n0
999 _c105482
_d105482